Músicas do Legião Urbana - Morte Súbita - Statistics

Estatísticas Gerais
  • Esse quiz foi jogado 660 vezes
  • A pontuação média é 13 de 20
Answers on the Grid
Answers color-coded by a green-red scale on the quiz's grid according to % correct below.
A Mais Pedida
À Sua Maneira
A Via Láctea
Ainda é Cedo
Angra dos Reis
Aonde Quer Que Eu Vá
Até Quando Esperar
Eduardo e Mônica
Eu Sei
Eva
Faroeste Caboclo
Flores em Você
Geração Coca-Cola
Há Tempos
Índios
Infinita Highway
Metal Contra as Nuvens
Monte Castelo
O Astronauta de Mármore
O Teatro dos Vampiros
Quando o Sol Bater na Janela do teu Quarto
Quase Sem Querer
Que País é Este
Pais e Filhos
Perfeição
Polícia
Primeiros Erros (Chove)
Será
Tempo Perdido
Vento no Litoral
 
Estatísticas das Respostas
Resposta % Correto
Eduardo e Mônica
86%
Faroeste Caboclo
83%
Pais e Filhos
82%
Que País é Este
81%
Tempo Perdido
81%
Geração Coca-Cola
77%
Será
76%
Índios
73%
Ainda é Cedo
71%
Quase Sem Querer
65%
Monte Castelo
57%
Vento no Litoral
55%
O Teatro dos Vampiros
52%
Há Tempos
51%
Eu Sei
49%
Quando o Sol Bater na Janela do teu Quarto
49%
Angra dos Reis
48%
A Via Láctea
43%
Metal Contra as Nuvens
42%
Perfeição
32%
Nenhum quiz correspondente encontrado
Distribuição das Pontuações
Porcentagem de Pessoas com Cada Pontuação
Percentil de Números Respondidos
Sua Pontuação Histórica
Você não jogou esse quiz